Un joven apostol de la comunicación : Maggiorino Vigolungo : aspirante al aspostolado de los medios de comunicación social: prensa, cine, radio, televisión, casset___ /

Збережено в:
Бібліографічні деталі
Автор: Alberione, Santiago (autor)
Формат: Книга
Мова:Іспанська
Опубліковано: México : Ediciones Paulinas, 1982, c1982
Редагування:2a edición
Предмети:
Теги: Додати тег
Немає тегів, Будьте першим, хто поставить тег для цього запису!

MARC

LEADER 00000nam^a2200000^a^4500
001 000181330
005 20250521000000.0
009 20260310101929.347
037 |a Acervo ITESO - Biblioteca 
041 |a ESP 
082 |a 200. 92  |b ALB 
100 |a Alberione, Santiago  |e (autor) 
245 1 3 |a Un joven apostol de la comunicación :  |b Maggiorino Vigolungo : aspirante al aspostolado de los medios de comunicación social: prensa, cine, radio, televisión, casset___ /  |c S. Alberione. 
250 |a 2a edición 
264 4 |a México :  |b Ediciones Paulinas,  |c 1982, c1982 
300 |a 102, [10] p. 
336 |a texto  |b txt  |2 rdacontenido 
337 |a sin mediación  |b n  |2 rdamedio 
338 |a volumen  |b nc  |2 rdasoporte 
649 |a XX 
650 |a Religiosos Italianos -  |x Biografías 
650 |a Comunicólogos y Comunicadores Italianos -  |x Biografías 
650 |a Monasticismo y Ordenes Religiosas -  |z Italia -  |x Historia 
650 |a Virtudes 
650 |a Evangelización 
650 |a Medios de Comunicación y Problemas Sociales 
650 |a Iglesia Católica en Italia -  |x Historia 
650 |a Catolicismo 
650 |a Cristianismo 
650 |a Religión 
650 |a Vigolungo, Maggiorino 
910 |a Fondo General 
920 |a Impresos - Libros 
930 |a Colección General 
905 |a 101 
901 |a 0500121312  |b IT1  |c ACC  |u 20250521 
902 |a https://opac.biblio.iteso.mx/vufind/Record/000181330